Pokemon der 8. Generation - Statistiken

Allgemein
  • Dieses Quiz wurde 192 mal gespielt
  • Das Durchschnittsergebnis liegt bei 58 aus 89
Antwortstatistiken
Hint Antwort % Korrekt
813 hopplo
95%
815 liberlo
93%
810 chimpep
92%
818 intelleon
90%
816 memmeon
90%
814 kickerlo
89%
890 endynalos
87%
888 zacian
87%
889 zamazenta
87%
811 chimstix
85%
812 gortrom
85%
821 meikro
79%
823 krarmor
77%
820 schlaraffel
77%
898 coronospa
75%
819 raffel
75%
884 duraludon
74%
817 phlegleon
74%
863 mauzinger
72%
826 maritellit
70%
861 olangaar
70%
824 sensect
70%
831 wolly
70%
836 bellektro
69%
825 keradar
69%
822 kranoviz
69%
865 lauchzelot
69%
895 regidrago
69%
892 wulaosu
69%
859 bähmon
67%
862 barrikadax
67%
833 kamehaps
67%
860 pelzebub
67%
894 regieleki
67%
850 thermopod
67%
835 voldi
67%
832 zwollock
67%
885 grolldra
66%
851 infernopod
66%
887 katapuldra
66%
867 oghnatoll
66%
897 phantoross
66%
830 cottomi
64%
841 drapfel
64%
827 kleptifux
64%
840 knapfel
64%
886 phandra
64%
842 schlapfel
64%
858 silembrim
64%
838 wagong
64%
856 brimova
62%
834 kamalm
62%
866 pantifrost
62%
896 polaross
62%
828 gaunux
61%
868 hokumil
61%
839 montecarbo
61%
869 pokusan
61%
829 cottini
59%
877 morpeko
59%
893 zarude
59%
857 brimano
57%
891 dakuma
57%
881 lecryodon
57%
873 mottineva
57%
843 salanga
57%
844 sanaconda
57%
872 snomnom
57%
864 gorgasonn
56%
874 humanolith
56%
880 lectragon
56%
882 pescragon
56%
849 riffex
56%
848 toxel
56%
853 kaocto
52%
837 klonkett
52%
875 kubuin
52%
870 legios
52%
883 pescryodon
52%
846 pikuda
51%
847 barrakiefa
48%
852 klopptopus
48%
845 urgl
48%
854 fatalitee
46%
878 kupfanti
46%
855 mortipot
44%
876 servol
44%
871 britzigel
43%
879 patinaraja
43%
Keine übereinstimmenden Quizze gefunden
Verteilung der Resultate
Anzahl Personen mit jedem Resultat
Perzentil nach korrekt beantworteten Fragen
Ihre Resultats-Entwicklung
Sie haben dieses Quiz noch nicht gespielt